<?xml version="1.0" encoding="UTF-8"?>
<record
    xmlns:xsi="http://www.w3.org/2001/XMLSchema-instance"
    xsi:schemaLocation="http://www.loc.gov/MARC21/slim http://www.loc.gov/standards/marcxml/schema/MARC21slim.xsd"
    xmlns="http://www.loc.gov/MARC21/slim">

  <leader>01061cam a2200229 i 4500</leader>
  <controlfield tag="001">sa 67005170 </controlfield>
  <controlfield tag="003">DLC</controlfield>
  <controlfield tag="005">20260227112354.0</controlfield>
  <controlfield tag="008">850201s1967    ii            00010 pano </controlfield>
  <datafield tag="010" ind1=" " ind2=" ">
    <subfield code="a">sa 67005170 //r85</subfield>
  </datafield>
  <datafield tag="050" ind1="0" ind2=" ">
    <subfield code="a">PK6495.N26</subfield>
    <subfield code="b">S2 1967</subfield>
  </datafield>
  <datafield tag="100" ind1="0" ind2="0">
    <subfield code="a">Nanda L&#x101;la,</subfield>
    <subfield code="d">1633-1705.</subfield>
  </datafield>
  <datafield tag="245" ind1="1" ind2="0">
    <subfield code="a">S&#x101;c&#x12B; pr&#x12B;ti :</subfield>
    <subfield code="b">g&#x332;h&#x332;azal&#x101;&#x1E43; Bh&#x101;&#x12B; Nanda L&#x101;la J&#x12B;, sa&#x1E6D;&#x12B;ka ate Dasaw&#x12B;&#x1E43; P&#x101;tash&#x101;h&#x12B;, "Ga&#xF1;ja-N&#x101;m&#x101;" co&#x1E43; sa&#x1E6D;&#x12B;ka : shabad&#x101;ratha, aratha, bh&#x101;w&#x101;ratha ate wi&#x101;khi&#x101; sameta /</subfield>
    <subfield code="c">anuw&#x101;daka Haribhajana Si&#x1E45;gha, k&#x101;wi r&#x16B;pa wica anuw&#x101;daka Widh&#x101;t&#x101; Si&#x1E45;gha "T&#x12B;ra".</subfield>
  </datafield>
  <datafield tag="260" ind1="0" ind2=" ">
    <subfield code="a">Ammritasara :</subfield>
    <subfield code="b">Si&#x1E45;gha Bradaraza,</subfield>
    <subfield code="c">[1967]</subfield>
  </datafield>
  <datafield tag="300" ind1=" " ind2=" ">
    <subfield code="a">352, 40 p. ;</subfield>
    <subfield code="c">18 cm.</subfield>
  </datafield>
  <datafield tag="500" ind1=" " ind2=" ">
    <subfield code="a">Added t.p.: D&#x12B;v&#x101;n-i g&#x16B;y&#x101;, va Salt&#x324;anat-i dahum az ganjn&#x101;mah.</subfield>
  </datafield>
  <datafield tag="500" ind1=" " ind2=" ">
    <subfield code="a">"D&#x12B;v&#x101;n-i g&#x16B;y&#x101;, va Salt&#x324;anat-i dahum az ganjn&#x101;mah" : p. 1-40 (2nd group)</subfield>
  </datafield>
  <datafield tag="500" ind1=" " ind2=" ">
    <subfield code="a">Panjabi and Persian; introductory matter and commentary in Panjabi.</subfield>
  </datafield>
  <datafield tag="700" ind1="1" ind2="0">
    <subfield code="a">Singh, Haribhajan,</subfield>
    <subfield code="d">1909-</subfield>
  </datafield>
  <datafield tag="700" ind1="1" ind2="0">
    <subfield code="a">Si&#x1E45;gha, Widh&#x101;t&#x101;,</subfield>
    <subfield code="d">1901-</subfield>
  </datafield>
  <datafield tag="740" ind1="0" ind2="1">
    <subfield code="a">D&#x12B;v&#x101;n-i g&#x16B;y&#x101;.</subfield>
  </datafield>
  <datafield tag="999" ind1=" " ind2=" ">
    <subfield code="c">75016</subfield>
    <subfield code="d">75016</subfield>
  </datafield>
</record>
